| 000 | 00364nam a2200145Ia 4500 | ||
|---|---|---|---|
| 005 | 20250613021933.0 | ||
| 008 | 240331s9999 xx 000 0 und d | ||
| 020 | _a9559170015 | ||
| 082 |
_bGUN _a307 |
||
| 100 | _aGunasekera, S | ||
| 245 | 0 | _aSanwardena adahilla | |
| 260 |
_aBoralesgamuwa _bPublishers of the Publication _c1994 |
||
| 300 | _a112 p ., | ||
| 942 | _cL | ||
| 999 |
_c2215 _d2215 |
||